000
00312 a2200145 4500
001
172298
020
_a
040
_c
Magnum
100
_a
Siguemoto, Regina
240
1
0
_a
Uma pipa tao pipa no ceu
_l
por
245
1
0
_a
Uma pipa tao pipa no ceu
362
0
_a
1899
697
_a
I/FADAS, FANTASIA
942
_c
BK
999
_c
172298
_d
172298